States with Most Farms Ranked from 1 to 50 - Statistics

General Stats
  • This quiz has been taken 179 times
  • The average score is 32 of 50
Answer Stats
Total Farms Answer Percent of farms in U.S.A % Correct
247,000 Texas 12.28%
99%
84,900 Iowa 4.22%
87%
95,000 Missouri 4.72%
79%
1,050 Alaska 0.05%
74%
74,100 Kentucky 3.68%
73%
76,900 Ohio 3.82%
73%
58,600 Kansas 2.91%
71%
77,200 Oklahoma 3.84%
71%
1,100 Rhode Island 0.05%
71%
55,100 Indiana 2.74%
70%
44,800 Nebraska 2.23%
70%
69,500 Tennessee 3.45%
70%
64,100 Wisconsin 3.19%
70%
69,000 California 3.43%
68%
70,900 Illinois 3.52%
68%
67,400 Minnesota 3.35%
68%
45,100 North Carolina 2.24%
68%
46,000 Michigan 2.29%
66%
41,500 Virginia 2.06%
66%
38,500 Alabama 1.91%
65%
42,000 Arkansas 2.09%
65%
2,300 Delaware 0.11%
65%
39,000 Colorado 1.94%
64%
47,500 Florida 2.36%
64%
7,300 Hawaii 0.36%
64%
52,700 Pennsylvania 2.62%
64%
41,300 Georgia 2.05%
62%
7,600 Maine 0.38%
62%
7,200 Massachusetts 0.36%
62%
5,500 Connecticut 0.27%
61%
24,600 Idaho 1.22%
61%
34,300 Mississippi 1.7%
61%
3,400 Nevada 0.17%
61%
4,100 New Hampshire 0.2%
61%
29,400 South Dakota 1.46%
61%
26,000 North Dakota 1.29%
60%
37,100 Oregon 1.84%
60%
6,800 Vermont 0.34%
60%
35,300 Washington 1.75%
60%
19,000 Arizona 0.94%
58%
27,400 Louisiana 1.36%
58%
12,400 Maryland 0.62%
58%
27,100 Montana 1.35%
58%
17,900 Utah 0.89%
58%
22,300 West Virginia 1.11%
57%
9,900 New Jersey 0.49%
55%
24,700 New Mexico 1.23%
55%
33,400 New York 1.66%
55%
24,600 South Carolina 1.22%
47%
12,200 Wyoming 0.61%
44%
No matching quizzes found
Score Distribution
Percent of People with Each Score
Percentile by Number Answered
Your Score History
You have not taken this quiz